000
00317nam a2200145Ia 4500
003
OSt
005
20240311100332.0
008
170524s9999 xx 000 0 und d
020
_a
9789352718580
040
_c
iimtu
100
_a
MAHESHWARI
245
0
_a
CORPORATE ACCOUNTING
260
_b
HIMALAYA
942
_2
ddc
_c
02
999
_c
7932
_d
7932